000 00328nam a22001217a 4500
008 180419b xxu||||| |||| 00| 0 eng d
041 _aeng
080 _a043.3
100 _a0
101 _aMK-THB
245 _aDialektet, Funksionet dhe Rastet e përdorimit të tyre në Raportim për Mediat e reja
_cAdemi,A
942 _2udc
_cBK
999 _c45316
_d45316